000
00295 a2200145 4500
001
168345
020
_a
040
_c
Magnum
100
_a
-
240
1
0
_a
Cadernos de cultura - v.1
_l
por
245
1
0
_a
Cadernos de cultura - v.1
362
0
_a
1899
697
_a
HISTORIA GERAL
942
_c
BK
999
_c
168345
_d
168345